[Event "Saint Chély d'Aubrac Op"]
[Site "Saint Chély d'Aubrac"]
[Date "2004.07.20"]
[Round "5.2"]
[White "Meijers, Viesturs"]
[Black "Riff, Jean-Noel"]
[Result "1/2-1/2"]
[WhiteElo "2477"]
[BlackElo "2401"]
[PlyCount "93"]
[EventDate "2004.07.??"]

1. e4 c5 2. Nf3 d6 3. d4 Nf6 4. Nc3 cxd4 5. Nxd4 e6 6. Be2 Nc6 7. O-O Be7 8.
Bg5 h6 9. Be3 O-O 10. f4 e5 11. Nb3 exf4 12. Bxf4 Be6 13. Kh1 d5 14. exd5 Nxd5
15. Nxd5 Qxd5 16. Bf3 Qxd1 17. Rfxd1 Rfd8 18. Be3 Rxd1+ 19. Rxd1 Rc8 20. c3 b6
21. Nd4 Nxd4 22. Bxd4 Bc5 23. Kg1 Bxd4+ 24. Rxd4 Kf8 25. Kf2 Ke7 26. Ke3 Rc4
27. Rxc4 Bxc4 28. b3 Be6 29. Kd4 Kd6 30. c4 Bd7 31. b4 Bc8 32. g3 Bd7 33. Bd5
f6 34. Be4 Be8 35. Bc2 Bf7 36. a3 Be8 37. Bb3 Bh5 38. Kc3 Be8 39. Bd1 Bf7 40.
Bf3 Be8 41. Kd4 Bf7 42. Be2 Be8 43. Ke4 Bg6+ 44. Kd4 Be8 45. Bd3 Bf7 46. Be2
Be8 47. Bf3 1/2-1/2

[Event "Saint Chély d'Aubrac Op"]
[Site "Saint Chély d'Aubrac"]
[Date "2004.07.20"]
[Round "5.4"]
[White "Collas, Silvia"]
[Black "Mrdja, Milan"]
[Result "0-1"]
[WhiteElo "2344"]
[BlackElo "2432"]
[PlyCount "76"]
[EventDate "2004.07.??"]

1. Nf3 d5 2. d4 Nc6 3. c4 Bg4 4. Nc3 e6 5. cxd5 exd5 6. Bf4 Bxf3 7. exf3 Bb4 8.
Bb5 Nge7 9. O-O O-O 10. Rc1 Ng6 11. Bxc6 Nxf4 12. Bxb7 Rb8 13. Bc6 Bxc3 14.
Rxc3 Rxb2 15. Rc2 Rb6 16. g3 Ne6 17. f4 Qd6 18. Ba4 Rb4 19. Rd2 Qb6 20. Bb3 c6
21. f5 Nxd4 22. f6 g6 23. Rd3 c5 24. Bxd5 Qxf6 25. h4 Rd8 26. a3 Rb2 27. Bc4 h5
28. Qa4 Nf3+ 29. Kh1 Rxd3 30. Qe8+ Kg7 31. Bxd3 c4 32. Bxc4 Nd2 33. Bxf7 Qxf7
34. Qe5+ Qf6 35. Qc7+ Kh6 36. Qc1 Kh7 37. Rd1 Qf3+ 38. Kg1 Qxd1+ 0-1

[Event "Saint Chély d'Aubrac Op"]
[Site "Saint Chély d'Aubrac"]
[Date "2004.07.20"]
[Round "5.5"]
[White "Santo-Roman, Marc"]
[Black "Collas, Didier"]
[Result "0-1"]
[WhiteElo "2403"]
[BlackElo "2422"]
[PlyCount "96"]
[EventDate "2004.07.??"]

1. e4 c5 2. Nf3 d6 3. d4 cxd4 4. Nxd4 Nf6 5. Nc3 a6 6. f4 Qc7 7. a4 Nc6 8. Nf3
e6 9. Bd3 Be7 10. O-O O-O 11. Kh1 Nd7 12. f5 Nce5 {(=)} 13. Bg5 Bxg5 14. Nxg5
Nf6 15. Qe1 h6 16. Nf3 Nxd3 17. cxd3 exf5 18. Nh4 Re8 19. Nxf5 Bxf5 20. Rxf5
Re5 21. Qf2 Rxf5 22. Qxf5 Re8 23. Rf1 Re5 24. Qf4 Rg5 25. Qf3 b5 26. axb5 axb5
27. h3 b4 28. Nd1 d5 29. Ne3 dxe4 30. dxe4 Qe5 31. Ng4 Qxb2 32. Nxf6+ Qxf6 33.
Qxf6 gxf6 34. Rb1 Rb5 35. Rb3 f5 36. exf5 Kg7 37. Kg1 Kf6 38. g4 Ke5 39. Kf2
Kd4 40. Ke2 Kc4 41. Rb1 b3 42. Kf3 b2 43. Kg3 Kc3 44. Kh4 Kc2 45. Rxb2+ Rxb2
46. Kh5 Rb6 47. h4 Kd3 48. g5 Ke4 0-1

[Event "Saint Chély d'Aubrac Op"]
[Site "Saint Chély d'Aubrac"]
[Date "2004.07.20"]
[Round "5.6"]
[White "Voiska, Margarita"]
[Black "Riff, Sebastien"]
[Result "1-0"]
[WhiteElo "2387"]
[BlackElo "2196"]
[PlyCount "71"]
[EventDate "2004.07.??"]

1. c4 Nf6 2. Nc3 g6 3. e4 d6 4. d4 Bg7 5. Bd3 e5 6. d5 O-O 7. Nge2 Nh5 8. O-O
f5 9. exf5 gxf5 10. Ng3 Nxg3 11. fxg3 Qe8 12. Be3 Na6 13. Bc2 Qg6 14. a3 Bd7
15. Rb1 c5 16. dxc6 bxc6 17. b4 Nc7 18. b5 cxb5 19. Nxb5 Nxb5 20. cxb5 Rfd8 21.
Bb3+ Be6 22. Bd5 Bxd5 23. Qxd5+ Qf7 24. Rbd1 Qxd5 25. Rxd5 Kf7 26. Rfd1 Ke6 27.
Kf2 Bf8 28. a4 Rdc8 29. a5 Rc2+ 30. Kf1 Ra2 31. a6 Rb2 32. Bf2 Rb8 33. Bxa7
R8xb5 34. Rxb5 Rxb5 35. Ra1 d5 36. Bb6 1-0

[Event "Saint Chély d'Aubrac Op"]
[Site "Saint Chély d'Aubrac"]
[Date "2004.07.20"]
[Round "5.7"]
[White "Milanovic, Dino"]
[Black "Crut, Aurelien"]
[Result "1-0"]
[WhiteElo "2149"]
[BlackElo "2355"]
[PlyCount "85"]
[EventDate "2004.07.??"]

1. e4 e6 2. d4 d5 3. Nc3 Bb4 4. e5 c5 5. a3 Bxc3+ 6. bxc3 Ne7 7. Qg4 O-O 8. Nf3
Nbc6 9. Bd3 f5 10. Qg3 Qa5 11. Bd2 Qa4 12. dxc5 Ng6 13. O-O Bd7 14. Rfb1 Rab8
15. Rb3 Na5 16. Rb4 Qc6 17. h4 Qxc5 18. h5 Nh8 19. Be3 Qxc3 20. Bd4 Qc8 21.
Bxa7 Ra8 22. Bb6 Nc4 23. Bxc4 dxc4 24. Qf4 Ra4 25. Rxa4 Bxa4 26. Nd4 Nf7 27.
Rb1 Bc6 28. Nxc6 Qxc6 29. Qd4 Rc8 30. Rb4 g6 31. c3 Kg7 32. a4 g5 33. a5 g4 34.
Rb1 Kh6 35. Rd1 Kxh5 36. Qd7 Kg6 37. Qe7 Qe8 38. Qf6+ Kh5 39. f3 Ng5 40. Kf2
g3+ 41. Ke2 Nxf3 42. gxf3 g2 43. Be3 1-0

[Event "Saint Chély d'Aubrac Op"]
[Site "Saint Chély d'Aubrac"]
[Date "2004.07.20"]
[Round "5.8"]
[White "Uhoda, Philippe"]
[Black "Olivier, Pierre"]
[Result "1/2-1/2"]
[WhiteElo "2140"]
[BlackElo "2224"]
[PlyCount "93"]
[EventDate "2004.07.??"]

1. d4 e6 2. c4 f5 3. g3 Nf6 4. Bg2 c6 5. Nf3 d5 6. Qd3 Bd6 7. Nc3 O-O 8. O-O b6
9. Bf4 Bxf4 10. gxf4 Ne4 11. Ne5 Qh4 12. f3 Nxc3 13. Qxc3 Qxf4 14. e3 Qh4 15.
f4 Bb7 16. Rf3 Qe7 17. Rg3 Nd7 18. Nd3 Ba6 19. b3 Rac8 20. Kh1 g6 21. Rg1 Bb7
22. Nf2 Nf6 23. Bf3 dxc4 24. bxc4 c5 25. Bxb7 Qxb7+ 26. R1g2 Ne4 27. Nxe4 Qxe4
28. h4 cxd4 29. exd4 Kf7 30. Qa3 Rc7 31. Qd6 Re7 32. h5 Rg8 33. Kh2 Qb7 34. d5
Qd7 35. Qxd7 Rxd7 36. dxe6+ Kxe6 37. hxg6 hxg6 38. Rxg6+ Rxg6 39. Rxg6+ Kf7 40.
Rg2 Rd3 41. Rc2 Ra3 42. c5 bxc5 43. Rxc5 Rxa2+ 44. Kg3 Ke6 45. Re5+ Kf6 46. Rc5
Ra3+ 47. Kh4 1/2-1/2

[Event "Saint Chély d'Aubrac Op"]
[Site "Saint Chély d'Aubrac"]
[Date "2004.07.20"]
[Round "5.9"]
[White "Hassler, Franck"]
[Black "Pucher, Sebastien"]
[Result "1-0"]
[WhiteElo "2198"]
[BlackElo "2135"]
[PlyCount "73"]
[EventDate "2004.07.??"]

1. g3 c5 2. Bg2 Nc6 3. e4 g6 4. Ne2 Bg7 5. O-O d6 6. c3 e5 7. d3 Nge7 8. Nd2
O-O 9. Nc4 Be6 10. f4 Qd7 11. Be3 b6 12. Qc2 Rad8 13. Rad1 Bg4 14. Bc1 exf4 15.
Bxf4 d5 16. Ne3 Be6 17. c4 dxe4 18. dxe4 Nd4 19. Nxd4 Bxd4 20. Kh1 Kg7 21. Nd5
f6 22. Qc1 g5 23. Be3 Nc6 24. Bxd4 Nxd4 25. Rd3 h6 26. h4 Qd6 27. Qe1 Rde8 28.
Qd2 Kg6 29. b3 Rf7 30. Qd1 f5 31. exf5+ Bxf5 32. Rdf3 Re5 33. Rxf5 Rexf5 34.
Qd3 Qe6 35. g4 Kg7 36. gxf5 Qd6 37. f6+ 1-0

[Event "Saint Chély d'Aubrac Op"]
[Site "Saint Chély d'Aubrac"]
[Date "2004.07.20"]
[Round "5.10"]
[White "Tanguy, Fabien"]
[Black "Seret, Jean-Luc"]
[Result "0-1"]
[WhiteElo "2094"]
[BlackElo "2351"]
[PlyCount "54"]
[EventDate "2004.07.??"]

1. c4 e5 2. Nc3 Bb4 3. e3 Bxc3 4. bxc3 d6 5. g3 f5 6. Bg2 Nf6 7. Qa4+ Nbd7 8.
Ne2 e4 9. Nd4 O-O 10. Ba3 c5 11. Ne2 Nb6 12. Qc2 Nxc4 13. O-O Be6 14. Bc1 Ne5
15. f3 Bc4 16. Qd1 Qe8 17. fxe4 fxe4 18. Rf5 Qg6 19. Rf1 Qg4 20. Nf4 g5 21.
Qxg4 Nfxg4 22. Nh3 Bxf1 23. Bxf1 Nxh2 24. Kxh2 Rxf1 25. Nxg5 Raf8 26. Nxe4 d5
27. d4 Nf3+ 0-1

[Event "Saint Chély d'Aubrac Op"]
[Site "Saint Chély d'Aubrac"]
[Date "2004.07.20"]
[Round "5.11"]
[White "Todorov, Ognjan"]
[Black "Duffau, Pascal"]
[Result "0-1"]
[WhiteElo "2349"]
[BlackElo "2081"]
[PlyCount "118"]
[EventDate "2004.07.??"]

1. d4 Nf6 2. Nf3 e6 3. g3 b6 4. Bg2 Bb7 5. c4 Be7 6. O-O O-O 7. b3 d5 8. cxd5
exd5 9. Nc3 Re8 10. Bb2 Na6 11. Rc1 c5 12. Qc2 Qd7 13. Rfd1 Rad8 14. Ne5 Qc8
15. Nb5 Qa8 16. e3 Ne4 17. Qe2 Nd6 18. Nc3 Nc7 19. dxc5 bxc5 20. Na4 Ne6 21.
Ba3 Ne4 22. f3 Nf6 23. Nxc5 Nxc5 24. Bxc5 Bxc5 25. Rxc5 Rxe5 26. Rd4 Ree8 27.
g4 Rc8 28. b4 Nd7 29. Rxc8 Qxc8 30. Qd2 Nb6 31. Bf1 Ba6 32. b5 Bb7 33. Kf2 Qe6
34. a4 Qh6 35. h3 Qh4+ 36. Kg2 Qe7 37. a5 Nc8 38. Kf2 Qh4+ 39. Kg2 Qe7 40. Kf2
Qe5 41. f4 Qe7 42. Bg2 Nd6 43. Qd3 Nxb5 44. Ra4 a6 45. g5 d4 46. e4 Bxe4 47.
Bxe4 Qxe4 48. Qxe4 Rxe4 49. Rc4 Kf8 50. Rc6 d3 51. Rc1 d2 52. Rd1 Rd4 53. Ke3
Ke7 54. Rxd2 Rxd2 55. Kxd2 Kd6 56. Kd3 Na7 57. Ke4 Nc6 58. Kf5 Nxa5 59. h4 Nc6
0-1

[Event "Saint Chély d'Aubrac Op"]
[Site "Saint Chély d'Aubrac"]
[Date "2004.07.20"]
[Round "5.12"]
[White "Larand, Manuel"]
[Black "Mullon, Jean-Baptiste"]
[Result "0-1"]
[WhiteElo "2060"]
[BlackElo "2327"]
[PlyCount "92"]
[EventDate "2004.07.??"]

1. c4 Nf6 2. Nc3 c5 3. g3 e6 4. Nf3 b6 5. Bg2 Bb7 6. O-O Be7 7. d4 cxd4 8. Qxd4
d6 9. b3 O-O 10. Bb2 a6 11. Rac1 Qc7 12. Rfd1 Nbd7 13. Qf4 Rfd8 14. Ne1 Rac8
15. e4 Qb8 16. Qd2 Nc5 17. Qe2 Bf8 18. Nd3 Qa8 19. Nxc5 bxc5 20. Na4 Nd7 21. f4
{(=)} 21... Qa7 22. Bc3 Bc6 23. Ba5 Re8 24. Nc3 Nb8 25. Qc2 Ba8 26. Nb1 Nc6 27.
Bc3 Be7 28. Qf2 e5 29. fxe5 dxe5 30. Rf1 Bg5 31. Rcd1 Nd4 32. Kh1 Re6 33. Qe1
Rf6 34. Bd2 Bxd2 35. Rxd2 Rxf1+ 36. Qxf1 a5 37. Nc3 Bc6 38. Qd1 Rb8 39. Qh5 f6
40. h4 a4 41. bxa4 Qa5 42. Rd3 Bxa4 43. Nd5 Be8 44. Qg4 Kf8 45. Rd1 h5 46. Qh3
Qxa2 0-1

[Event "Saint Chély d'Aubrac Op"]
[Site "Saint Chély d'Aubrac"]
[Date "2004.07.20"]
[Round "5.13"]
[White "Pucher, Olivier"]
[Black "De Lagontrie, Jean"]
[Result "1-0"]
[WhiteElo "2294"]
[BlackElo "1968"]
[PlyCount "47"]
[EventDate "2004.07.??"]

1. d4 d5 2. c4 c6 3. Nf3 e6 4. g3 dxc4 5. Bg2 b5 6. Ne5 Bb7 7. O-O f6 8. Nf3
Nd7 9. Qc2 Nb6 10. Nc3 Ne7 11. Qe4 Qc8 12. Bh3 f5 13. Qc2 b4 14. Na4 Nxa4 15.
Qxa4 Nd5 16. e4 fxe4 17. Ng5 Nb6 18. Qd1 c5 19. Nxe6 Qb8 20. Bf4 Bd6 21. Nxg7+
Kf7 22. Qh5+ Kxg7 23. Bh6+ Kf6 24. Qg5+ 1-0

[Event "Saint Chély d'Aubrac Op"]
[Site "Saint Chély d'Aubrac"]
[Date "2004.07.20"]
[Round "5.14"]
[White "Lombart, Philippe"]
[Black "Hennemann, Xavier"]
[Result "0-1"]
[WhiteElo "2043"]
[BlackElo "2104"]
[PlyCount "86"]
[EventDate "2004.07.??"]

1. d4 Nf6 2. c4 c5 3. d5 b5 4. cxb5 a6 5. e3 axb5 6. Bxb5 Qa5+ 7. Nc3 Bb7 8.
Nge2 Nxd5 9. O-O Nxc3 10. Nxc3 g6 11. a4 Bg7 12. Ra3 O-O 13. e4 Qd8 14. Re1 Nc6
15. Nd5 e6 16. Nf4 Nd4 17. Rh3 Nxb5 18. axb5 Ra1 19. e5 Qa5 20. Qe2 Qb4 21. Nd3
Qxb5 22. Qg4 c4 23. Qh4 h5 24. Nf4 Qxe5 25. Kf1 Qf6 26. Qg3 e5 27. Ne2 d5 28.
Qc3 d4 29. Qxc4 Ba6 30. Qc2 d3 31. Rxd3 Bxd3 32. Qxd3 Qh4 33. Kg1 Rd8 34. Qc2
Bh6 35. g3 Qb4 36. Nc3 Rb8 37. Kg2 Rxc1 38. Rxc1 Bxc1 39. Qxc1 Qxb2 40. Qe1 Rc8
41. Ne4 Qd4 42. h4 Rc2 43. Ng5 Qd2 0-1

[Event "Saint Chély d'Aubrac Op"]
[Site "Saint Chély d'Aubrac"]
[Date "2004.07.20"]
[Round "5.15"]
[White "Coste, Thierry"]
[Black "Rabier, Jean"]
[Result "1/2-1/2"]
[WhiteElo "2149"]
[BlackElo "1870"]
[PlyCount "49"]
[EventDate "2004.07.??"]

1. e4 c5 2. Nf3 e6 3. d4 cxd4 4. Nxd4 a6 5. Bd3 g6 6. O-O Bg7 7. c3 Ne7 8. f4
Nbc6 9. Be3 Nxd4 10. cxd4 O-O 11. Nc3 d6 12. Kh1 b5 13. f5 Bb7 14. fxe6 fxe6
15. Qg4 Rxf1+ 16. Rxf1 Qe8 17. Ne2 Nc6 18. h4 e5 19. d5 Bc8 20. Qg3 Ne7 21. Ng1
h6 22. Nh3 Kh7 23. Nf2 Ng8 24. Rc1 Bd7 25. Be2 1/2-1/2

[Event "Saint Chély d'Aubrac Op"]
[Site "Saint Chély d'Aubrac"]
[Date "2004.07.20"]
[Round "5.16"]
[White "Prie, Eric"]
[Black "Strohmann, Matthieu"]
[Result "1-0"]
[WhiteElo "2441"]
[BlackElo "2000"]
[PlyCount "47"]
[EventDate "2004.07.??"]

1. d4 Nf6 2. Bg5 Ne4 3. Bf4 d5 4. e3 c5 5. Bd3 Nc6 6. Bxe4 dxe4 7. d5 Nb8 8.
Nc3 Bf5 9. Qd2 Qb6 10. Nge2 g5 11. Bxg5 Rg8 12. Bf4 Bg7 13. O-O Nd7 14. d6 Ne5
15. Bxe5 Bxe5 16. Ng3 Be6 17. dxe7 f5 18. Nd5 Qxb2 19. Rfd1 Qxa1 20. Rxa1 Bxa1
21. c3 Kf7 22. Nc7 Kxe7 23. Nxa8 Rxa8 24. Qc1 1-0

[Event "Saint Chély d'Aubrac Op"]
[Site "Saint Chély d'Aubrac"]
[Date "2004.07.20"]
[Round "5.17"]
[White "Rabineau, Clement"]
[Black "Sivan, Michel"]
[Result "1-0"]
[WhiteElo "2135"]
[BlackElo "1984"]
[PlyCount "61"]
[EventDate "2004.07.??"]

1. e4 d6 2. d4 Nf6 3. Nc3 g6 4. Bc4 Bg7 5. Qe2 Nc6 6. e5 Nxd4 7. exf6 Nxe2 8.
fxg7 Rg8 9. Ngxe2 Rxg7 10. Bh6 Rg8 11. O-O-O Be6 12. Bxe6 fxe6 13. f4 c5 14.
Rhe1 Qd7 15. Ne4 Qc6 16. Ng1 O-O-O 17. Nf3 Rd7 18. Rd3 b5 19. Neg5 e5 20. fxe5
d5 21. e6 Rdd8 22. Ne5 Qb7 23. Ngf7 Rde8 24. Nd7 Qc6 25. Nxc5 Qxc5 26. Rc3 Qxc3
27. bxc3 Kc7 28. Bf4+ Kc6 29. Ne5+ Kb7 30. Rd1 Rd8 31. Nf7 1-0

[Event "Saint Chély d'Aubrac Op"]
[Site "Saint Chély d'Aubrac"]
[Date "2004.07.20"]
[Round "5.18"]
[White "Guidez, Thomas"]
[Black "Deiller, Pascal"]
[Result "0-1"]
[WhiteElo "1892"]
[BlackElo "2123"]
[PlyCount "78"]
[EventDate "2004.07.??"]

1. e4 e6 2. d4 d5 3. Nc3 Nf6 4. Bg5 dxe4 5. Nxe4 Be7 6. Nxf6+ Bxf6 7. Be3 c5 8.
Nf3 Nc6 9. c3 cxd4 10. Nxd4 Nxd4 11. cxd4 Bd7 12. Be2 Bc6 13. O-O O-O 14. Bc4
Rc8 15. Bb3 Bd5 16. Bxd5 Qxd5 17. Qa4 a6 18. Rfd1 Rc4 19. Qb3 Rfc8 20. a3 Rxd4
21. Qxd5 Rxd5 22. Rxd5 exd5 23. Rd1 d4 24. Bf4 Kf8 25. Kf1 Ke7 26. Rd3 Ke6 27.
b4 Kd5 28. Bd2 Re8 29. Rh3 h6 30. f4 Kc4 31. g4 d3 32. g5 hxg5 33. fxg5 Bc3 34.
Rh4+ Kb3 35. Bxc3 Kxc3 36. Rh3 Kc2 37. Rh4 Rc8 38. Rd4 d2 39. Ke2 Re8+ 0-1

[Event "Saint Chély d'Aubrac Op"]
[Site "Saint Chély d'Aubrac"]
[Date "2004.07.20"]
[Round "5.19"]
[White "Lagunes, Jean-Renaud"]
[Black "Moutaux, Robert"]
[Result "1-0"]
[WhiteElo "2117"]
[BlackElo "1957"]
[PlyCount "43"]
[EventDate "2004.07.??"]

1. e4 e6 2. d4 d5 3. Nc3 Nf6 4. Bg5 dxe4 5. Nxe4 Be7 6. Nxf6+ Bxf6 7. Bxf6 Qxf6
8. Nf3 Nd7 9. Qd2 b6 10. Bb5 O-O 11. Bc6 Rb8 12. O-O Rd8 13. Rad1 Nf8 14. Ne5
Rd6 15. b4 a6 16. c4 Bb7 17. Bxb7 Rxb7 18. Qe3 Rb8 19. Rd3 Ng6 20. f4 Ne7 21.
g4 Nc6 22. c5 1-0

[Event "Saint Chély d'Aubrac Op"]
[Site "Saint Chély d'Aubrac"]
[Date "2004.07.20"]
[Round "5.20"]
[White "Tatinian, William"]
[Black "Birens, Eric-Andre"]
[Result "1/2-1/2"]
[WhiteElo "1860"]
[BlackElo "2105"]
[PlyCount "87"]
[EventDate "2004.07.??"]

1. d4 Nf6 2. c4 c5 3. d5 g6 4. Nc3 Bg7 5. e4 d6 6. f4 O-O 7. Nf3 e6 8. Be2 exd5
9. cxd5 Re8 10. Nd2 a6 11. a4 Nbd7 12. O-O c4 13. Bxc4 Nc5 14. e5 dxe5 15. fxe5
Rxe5 16. Nf3 Bg4 17. Qd4 Bxf3 18. Qxe5 Qb6 19. Qe3 Ng4 20. Qxf3 Nd3+ 21. Be3
Nxe3 22. Qxf7+ Kh8 23. Qe6 Nxc4+ 24. Qxb6 Nxb6 25. Rf7 Nxb2 26. a5 N6c4 27. Rc1
Nxa5 28. Ne4 Nbc4 29. Re7 Bd4+ 30. Kh1 b5 31. Rd1 Rf8 32. g3 Ne3 33. Re1 Nxd5
34. Rd7 Bg7 35. Rxd5 Nc4 36. Nc5 b4 37. Nb3 Bc3 38. Re7 a5 39. Nxa5 Nxa5 40.
Rxa5 b3 41. Rb5 b2 42. Reb7 Rf2 43. Rb3 Be5 44. R3b5 1/2-1/2

[Event "Saint Chély d'Aubrac Op"]
[Site "Saint Chély d'Aubrac"]
[Date "2004.07.20"]
[Round "5.21"]
[White "Laine, Patrice"]
[Black "Chokbengboun, Thomas"]
[Result "1/2-1/2"]
[WhiteElo "2070"]
[BlackElo "1900"]
[PlyCount "90"]
[EventDate "2004.07.??"]

1. d4 d5 2. c4 dxc4 3. Nf3 b5 4. e3 Bb7 5. a4 a6 6. axb5 axb5 7. Rxa8 Bxa8 8.
b3 e6 9. bxc4 bxc4 10. Bxc4 Nd7 11. O-O Ngf6 12. Nc3 Be7 13. Qe2 c5 14. Rd1
Bxf3 15. Qxf3 cxd4 16. exd4 O-O 17. Qg3 Kh8 18. d5 exd5 19. Nxd5 Nxd5 20. Bxd5
Nf6 21. Bb3 Qb6 22. Bb2 Bc5 23. Qf3 Bxf2+ 24. Qxf2 Qxb3 25. Rf1 Ng8 26. h3 f6
27. Bd4 Qd5 28. Rc1 Rd8 29. Be3 Qd3 30. Rc7 Re8 31. Bf4 g5 32. Bxg5 Qb1+ (32...
fxg5 33. Qf7 (33. Qb2+)) 33. Kh2 Qg6 34. Bd2 Rf8 35. Bc3 Rf7 36. Rc4 Qd3 37.
Rc6 Qg6 38. Bb2 h6 39. Rc4 Kh7 40. Rg4 Qd3 41. Qf4 Qd8 42. Qf5+ Kh8 43. Qg6 Qf8
44. Ba3 Qg7 45. Qh5 Qh7 1/2-1/2

[Event "Saint Chély d'Aubrac Op"]
[Site "Saint Chély d'Aubrac"]
[Date "2004.07.20"]
[Round "5.22"]
[White "Tholey, Jean-Paul"]
[Black "Giraud, Sylvain"]
[Result "0-1"]
[WhiteElo "2057"]
[BlackElo "1850"]
[PlyCount "92"]
[EventDate "2004.07.??"]

1. d4 d5 2. c4 c6 3. Nf3 Nf6 4. Nc3 Nbd7 5. Bg5 a6 6. e3 e6 7. Qc2 h6 8. Bh4
Bd6 9. Rd1 O-O 10. Bd3 dxc4 11. Bxc4 b5 12. Bd3 Qa5 13. O-O Bb7 14. e4 e5 15.
Bxf6 gxf6 16. dxe5 Nxe5 17. Nh4 b4 18. Nf5 Ng4 19. Nxd6 Qe5 20. g3 Qxd6 21.
Bxa6 Qb8 22. Bxb7 Qxb7 23. Ne2 Rxa2 24. Qb3 Ra5 25. Qf3 Qc8 26. Nd4 Rg5 27. Nf5
Qe6 28. Qf4 h5 29. Rd6 Qe5 30. Qxe5 Nxe5 31. f4 Rxf5 32. exf5 Nc4 33. Rxc6 Nxb2
34. Rb1 Nd3 35. Rd6 Nc5 36. Rxb4 Ra8 37. Kg2 Ra2+ 38. Kh3 Kg7 {(=)} 39. Rc4 Nb3
40. Rcc6 Nd2 41. g4 Ne4 42. Rd7 Nf2+ 43. Kg3 Nxg4 44. h3 Ra3+ {(=)} 45. Kh4 $4
Nf2 46. Rxf6 Kxf6 0-1

[Event "Saint Chély d'Aubrac Op"]
[Site "Saint Chély d'Aubrac"]
[Date "2004.07.20"]
[Round "5.23"]
[White "Corke, Anya"]
[Black "Joli, Laurent"]
[Result "1-0"]
[WhiteElo "2042"]
[BlackElo "1780"]
[PlyCount "101"]
[EventDate "2004.07.??"]

1. d4 d5 2. c4 Nc6 3. Nc3 Nf6 4. Nf3 Bg4 5. Ne5 Nxe5 6. dxe5 Nd7 7. Qd4 Bh5 8.
cxd5 Qb8 9. e6 Nb6 10. Qe5 Bg6 11. Nb5 c6 12. Nc7+ Kd8 13. Bf4 Nc4 14. Qd4 Nd6
15. Nxa8 Qxa8 16. dxc6 bxc6 17. e3 fxe6 18. Ba6 Be8 19. O-O Rg8 20. Rfd1 g5 21.
Be5 Qb8 22. Rac1 h5 23. Bc4 Bd7 24. Be2 g4 25. Qc5 h4 26. Qa5+ Qb6 27. Qxb6+
axb6 28. Rc2 Nf7 29. Bc3 Bh6 30. Rcd2 Nd6 31. Be5 Bf8 32. Rd4 Rg5 33. Rxd6 exd6
34. Bf6+ Be7 35. Bxg5 Bxg5 36. Rxd6 Kc7 37. Rd1 e5 38. Bd3 Be6 39. b3 c5 40.
Kf1 g3 41. hxg3 hxg3 42. Ke2 gxf2 43. Kxf2 Bd5 44. Rh1 Be7 45. Rh6 Bd6 46. e4
Bc6 47. g4 b5 48. g5 c4 49. bxc4 bxc4 50. Bc2 Kd7 51. g6 1-0

[Event "Saint Chély d'Aubrac Op"]
[Site "Saint Chély d'Aubrac"]
[Date "2004.07.20"]
[Round "5.25"]
[White "Nass, Emile"]
[Black "Alexiev, Ivan"]
[Result "1-0"]
[WhiteElo "2008"]
[BlackElo "1499"]
[PlyCount "77"]
[EventDate "2004.07.??"]

1. d4 Nf6 2. Nf3 g6 3. c4 Bg7 4. g3 b6 5. Bg2 Bb7 6. Nc3 O-O 7. O-O d6 8. Qc2
Nbd7 9. e4 e5 10. dxe5 Nxe5 11. Nxe5 dxe5 12. Rd1 Qe7 13. b3 c6 14. a4 a5 15.
Be3 Qc7 16. f3 h6 17. Qf2 c5 18. Nb5 Qe7 19. Rd6 Rad8 20. Rxb6 Rfe8 21. Bxc5
Qd7 22. Nd6 Bc8 23. Nxe8 Nxe8 24. Qe2 f5 25. Bf2 Nf6 26. c5 fxe4 27. Rd6 Qc7
28. Rxd8+ Qxd8 29. fxe4 Bg4 30. Qc4+ Kh7 31. c6 Qc8 32. Rc1 Bh3 33. c7 Bxg2 34.
Kxg2 Ng4 35. Qe2 Nxf2 36. Qxf2 h5 37. Qf7 h4 38. Rc6 h3+ 39. Kg1 1-0

[Event "Saint Chély d'Aubrac Op"]
[Site "Saint Chély d'Aubrac"]
[Date "2004.07.20"]
[Round "5.26"]
[White "Capron, Daniel"]
[Black "Baudry, Alain"]
[Result "1-0"]
[WhiteElo "2105"]
[BlackElo "1710"]
[PlyCount "51"]
[EventDate "2004.07.??"]

1. e4 c5 2. b4 cxb4 3. a3 bxa3 4. Nxa3 Nc6 5. d4 e6 6. c3 Nf6 7. Bd3 b6 8. e5
Nd5 9. Bd2 Bb7 10. f4 Na5 11. Nf3 Rc8 12. O-O a6 13. Ng5 g6 14. Ne4 f5 15. exf6
Nxf6 16. Ng5 Be7 17. Qc2 O-O 18. Bxg6 hxg6 19. Qxg6+ Kh8 20. f5 Bd6 21. fxe6
Qe7 22. Nf7+ Rxf7 23. exf7 Nh7 24. Bh6 Be5 25. dxe5 Qxe5 26. Rae1 1-0

[Event "Saint Chély d'Aubrac Op"]
[Site "Saint Chély d'Aubrac"]
[Date "2004.07.20"]
[Round "5.27"]
[White "Baeumlin, Francois"]
[Black "Lagunes, Matthieu"]
[Result "1-0"]
[WhiteElo "2010"]
[BlackElo "1730"]
[PlyCount "71"]
[EventDate "2004.07.??"]

1. e4 g6 2. d4 Bg7 3. Nc3 d6 4. Be3 Nf6 5. Qd2 Nc6 6. f3 Bd7 7. Nge2 e5 8.
O-O-O a6 9. Bh6 O-O 10. g4 b5 11. Bxg7 Kxg7 12. h4 Na5 13. Ng3 Nc4 14. Bxc4
bxc4 15. dxe5 Nxg4 16. exd6 cxd6 17. fxg4 Bxg4 18. Qd4+ Kg8 19. Rd2 Rb8 20. Nd5
f5 21. exf5 Bxf5 22. Nxf5 Rxf5 23. Qxc4 Rf7 24. Qxa6 Ra8 25. Qc4 Rc8 26. Qd4
Qf8 27. Rhd1 Re8 28. Qc4 Rc8 29. Qd4 Re8 30. Nc3 Qh6 31. Ne4 Ref8 32. Qxd6 Qxh4
33. Qe6 Qh6 34. Nd6 Kg7 35. Nxf7 Rxf7 36. Kb1 1-0

[Event "Saint Chély d'Aubrac Op"]
[Site "Saint Chély d'Aubrac"]
[Date "2004.07.20"]
[Round "5.28"]
[White "Pierre, Alexis"]
[Black "Desboeufs, Alexandre"]
[Result "0-1"]
[WhiteElo "1580"]
[BlackElo "2010"]
[PlyCount "104"]
[EventDate "2004.07.??"]

1. d4 e6 2. c4 c5 3. Nf3 Nf6 4. Nc3 Be7 5. Bf4 a6 6. e3 O-O 7. Be2 d6 8. O-O
Nh5 9. Bg3 Bf6 10. Qc2 Nxg3 11. hxg3 cxd4 12. exd4 Nc6 13. Rad1 Re8 14. Kh2 Qb6
15. d5 Bxc3 16. dxc6 Bf6 17. Rxd6 bxc6 18. b3 Qc5 19. Rd2 Qh5+ 20. Kg1 Qh6 21.
Qe4 Rb8 22. Rfd1 Bb7 23. c5 Qg6 24. Qxg6 hxg6 25. Rd7 Kf8 26. Nd2 Be7 27. b4 {
(=)} 27... Bc8 28. Rd4 Bf6 29. Re4 Bc3 30. a3 f5 31. Re3 Bd4 32. Rd3 e5 33. Nb3
Bb2 34. Na5 e4 35. Rb3 Be5 36. Nxc6 Ra8 37. Nxe5 Rxe5 38. c6 Be6 39. Rc3 a5 40.
c7 axb4 41. axb4 Bc8 42. b5 Re8 43. Rd8 Ke7 44. Rxe8+ Kxe8 45. b6 Ra1+ 46. Kh2
Rb1 47. Ba6 (47. Rc6 Rb2 (47... Kd7 48. Rxg6) 48. Bd1 Rxf2 49. Ba4 Ra2 50. Re6+
Kf7 51. Re8 Rxa4 52. Rxc8 e3 53. b7 e2 54. b8=Q e1=Q 55. Rf8+ Ke7 56. Qd8+ Ke6
57. c8=Q+ Ke5 58. Re8#) 47... Bxa6 48. c8=Q+ Bxc8 49. Rxc8+ Kf7 50. Rc7+ Kf6
51. Rc6+ Kg5 52. Kh3 Rh1# 0-1

[Event "Saint Chély d'Aubrac Op"]
[Site "Saint Chély d'Aubrac"]
[Date "2004.07.20"]
[Round "5.29"]
[White "Mathis, Julien"]
[Black "Trzesniower, Jacques"]
[Result "1-0"]
[WhiteElo "1780"]
[BlackElo "1390"]
[PlyCount "95"]
[EventDate "2004.07.??"]

1. c4 Nf6 2. g3 g6 3. Bg2 Bg7 4. Nc3 d6 5. e4 Nbd7 6. Nge2 O-O 7. O-O Re8 8. d3
e5 9. f4 c6 10. Kh1 Qc7 11. Be3 Ng4 12. Bg1 Nf8 13. h3 Nf6 14. f5 g5 15. Qd2 h6
16. Be3 N8h7 17. g4 Rd8 18. Bf3 Ne8 19. Rad1 f6 20. d4 Rd7 21. b4 b6 22. d5 Bb7
23. dxc6 Bxc6 24. Nd5 Qd8 25. Nec3 Nc7 26. Qc2 Kh8 27. Rd3 Nxd5 28. Nxd5 Bf8
29. Rfd1 Qb8 30. Qh2 Kg7 31. Kg2 Kf7 32. h4 Ke8 33. hxg5 hxg5 34. Nc3 Qc7 35.
Be2 Qb7 36. Nd5 Bxd5 37. Rxd5 Kd8 38. c5 a5 39. b5 bxc5 40. Bxc5 Qc7 41. Qg1
Rb8 42. a4 Rb7 43. b6 Qxc5 44. Rxc5 dxc5 45. Bb5 Rd4 46. Rxd4+ cxd4 47. Qh2 Bc5
48. Qh5 1-0

[Event "Saint Chély d'Aubrac Op"]
[Site "Saint Chély d'Aubrac"]
[Date "2004.07.20"]
[Round "5.30"]
[White "Tabaroni, Serge"]
[Black "Lengert, Martin"]
[Result "0-1"]
[WhiteElo "1650"]
[BlackElo "1810"]
[PlyCount "48"]
[EventDate "2004.07.??"]

1. e4 e6 2. d4 d5 3. exd5 exd5 4. Bd3 Nf6 5. Bf4 Be7 6. Nf3 O-O 7. O-O c6 8.
Nbd2 Bg4 9. c3 Nbd7 10. Re1 Re8 11. Qc2 h6 12. h3 Be6 13. Rac1 Rc8 14. Nh4 Nh5
15. Bh7+ Kh8 16. Ng6+ fxg6 17. Bxh6 Bf5 18. Qxf5 gxf5 19. Bg6 gxh6 20. Bxh5 Rg8
21. Re6 Bg5 22. Rce1 Bxd2 23. R1e2 Qg5 24. Bf7 Qxg2# 0-1